000 00429nam a2200181Ia 4500
005 20240823031343.0
008 240823s9999||||xx |||||||||||||| ||und||
041 _aENGLISH
082 _A005.42 Q0
100 _aUma Maheswari S
245 0 _aOperating Systems
250 _a1st
260 _c2010
_b"Charulatha,Chennai"
500 _aYES
650 _aOperating Systems
_bComputer Science
942 _cBK
999 _c190867
_d190867